Kvalita služieb ako činiteľ dopytu a ponuky diplomová práca

Saved in:
Bibliographic Details
Main Author: Iľko, Michal
Corporate Author: Obchodná fakulta EU. Katedra služieb a cestovného ruchu - zrušené
Other Authors: Michalová, Valéria
Format: Book
Language:Slovak
Published: Bratislava 2015
Tags: Add Tag
No Tags, Be the first to tag this record!

MARC

LEADER 00000nbm a2200000 4500
001 0203127
005 20161212104801.1
041 0 |a slo 
044 |a SK 
245 1 0 |a Kvalita služieb ako činiteľ dopytu a ponuky  |b diplomová práca  |c Michal Iľko ; školiteľ: Valéria Michalová 
264 1 |a Bratislava  |c 2015 
300 |a 80 s. 
100 1 |a Iľko, Michal 
700 1 |a Michalová, Valéria 
710 2 |a Obchodná fakulta EU. Katedra služieb a cestovného ruchu - zrušené